000 01507nam0a22002891 4500
001 rc\2972729
005 20110908081433.2
035 _a(NLR Aleph) 007118685
090 _a6840750
_c6840750
100 _a20110908d1937 |||y0rusy50 ca
101 0 _arus
102 _aRU
105 _aa z |||||
200 1 _aАктинометрические наблюдения в Костроме 1931-1935 г.г.
_fС.Н. Колосова
_gПод ред. Е.В. Концевича и В.И. Порицкого
210 _aИваново
_cБ. и.
_d1937
_gтип. Упр. НКВД по Ивановск. обл.
215 _a36 с.
_cтабл.
_d22 см
225 1 _aТруды Костромской геофизической обсерватории
_fГидро-метеослужба Союза ССР. Ивановск. обл. упр.
_vВып. 1
300 _aПрил. к "Ежемес. обозрению гидрометеор. условий в Ивановск. и Ярославск. областях" за декабрь 1936 г.
422 0 _12001#$aЕжемесячное обозрение гидрометеорологических условий в Ивановской и Ярославской областях$vдек.
_1210##$d1936
700 1 _aКолосова
_bС. Н.
702 1 _aКонцевич
_bЕ. В.
_4340
702 1 _aПорицкий
_bВ. И.
_4340
801 0 _aRU
_bNLR
_gpsbo
801 1 _aRU
_bELAR
_2rusmarc
852 _aNLR
_j37-17/106(1)
942 _cBOOK
980 _aNB